[Event "Kimry op"]
[Site "Kimry"]
[Date "2008.01.27"]
[Round "4"]
[White "Samarin, Vladimir"]
[Black "Prizant, Julia"]
[Result "1-0"]
[WhiteElo "2148"]
[BlackElo "2060"]
[PlyCount "61"]
[EventDate "2008.01.26"]
[EventType "swiss"]
[EventRounds "9"]
[EventCountry "RUS"]
[SourceTitle "EXT 2011"]
[Source "ChessBase"]
[SourceDate "2010.11.26"]
[SourceVersion "1"]
[SourceVersionDate "2010.11.26"]
[SourceQuality "1"]

1. e4 e5 2. Nf3 Nc6 3. Bc4 Nf6 4. d4 exd4 5. e5 d5 6. Bb5 Ne4 7. Nxd4 Bd7 8. Bxc6 bxc6 9. 0-0 Be7 10. f3 Nc5 11. f4 Ne4 12. Nc3 Nxc3 13. bxc3 c5 14. Nf3 Bf5 15. Be3 0-0 16. h3 h5 17. Rb1 c6 18. Qe2 Qc7 19. Qf2 Rab8 20. Bxc5 Bxc5 21. Qxc5 Bxc2 22. Rb4 a5 23. Rxb8 Rxb8 24. Nd4 Ba4 25. Rf3 Rb1+ 26. Kh2 Qb6 27. Qe7 c5 28. e6 fxe6 29. Nxe6 Qb7 30. Qf8+ Kh7 31. Rg3 1-0

[Event "Kimry-ch"]
[Site "Kimry"]
[Date "2008.01.04"]
[Round "4"]
[White "Samarin, Vladimir"]
[Black "Asrian, Armen"]
[Result "1/2-1/2"]
[WhiteElo "2101"]
[BlackElo "2160"]
[PlyCount "61"]
[EventDate "2008.01.02"]
[EventType "swiss"]
[EventRounds "9"]
[EventCountry "RUS"]
[SourceTitle "CBM 122 Extra"]
[Source "ChessBase"]
[SourceDate "2008.03.04"]
[SourceVersion "1"]
[SourceVersionDate "2008.03.04"]
[SourceQuality "1"]

1. e4 c6 2. d4 d5 3. Nc3 dxe4 4. Nxe4 Bf5 5. Bd3 e6 6. Ne2 Nf6 7. Nxf6+ Qxf6 8. Bxf5 Qxf5 9. Be3 Nd7 10. 0-0 Be7 11. Ng3 Qd5 12. Qe2 Nf6 13. c4 Qd7 14. Rad1 0-0 15. Bg5 Rad8 16. Rfe1 h6 17. Bf4 Bb4 18. Be5 Qe7 19. Rf1 Bd6 20. f4 c5 21. d5 exd5 22. Bxf6 Qxf6 23. Rxd5 Rfe8 24. Qf2 Bf8 25. Rfd1 Rxd5 26. Rxd5 Rd8 27. Ne4 Qb6 28. Nc3 Rxd5 29. Nxd5 Qd6 30. Qe2 b6 31. b3 1/2-1/2

[Event "Dubna op"]
[Site "Dubna"]
[Date "2007.08.12"]
[Round "14"]
[White "Samarin, Vladimir"]
[Black "Nozdrachev, Leonid"]
[Result "0-1"]
[WhiteElo "2062"]
[BlackElo "2195"]
[PlyCount "83"]
[EventDate "2007.08.02"]
[EventType "swiss"]
[EventRounds "14"]
[EventCountry "RUS"]
[SourceTitle "EXT 2008"]
[Source "ChessBase"]
[SourceDate "2007.11.25"]
[SourceVersion "1"]
[SourceVersionDate "2007.11.25"]
[SourceQuality "1"]

1. e4 e5 2. Nf3 Nc6 3. Bc4 Nf6 4. d4 exd4 5. e5 d5 6. Bb5 Ne4 7. Nxd4 Bc5 8. 0-0 0-0 9. Bxc6 bxc6 10. Nc3 Ba6 11. Nxe4 dxe4 12. Nf5 Qxd1 13. Rxd1 f6 14. Be3 Bxe3 15. fxe3 fxe5 16. Ne7+ Kf7 17. Nxc6 Ke6 18. Rd2 Bb5 19. Na5 Rad8 20. Nb3 Rxd2 21. Nxd2 Kf5 22. c4 Rd8 23. Rf1+ Ke6 24. Rf2 Bc6 25. Kf1 a5 26. Ke2 a4 27. Nb1 h5 28. g3 h4 29. gxh4 Be8 30. Rf1 Rb8 31. b3 axb3 32. a3 Rd8 33. Kf2 Bh5 34. Rg1 Rd1 35. Re1 b2 36. a4 Kd7 37. a5 Kc6 38. Nc3 Rc1 39. Nb1 Bd1 40. Na3 Ra1 41. Rg1 Rxa3 42. Rg6+ 0-1

[Event "Dubna op"]
[Site "Dubna"]
[Date "2007.08.10"]
[Round "12"]
[White "Kolmakov, Pavel"]
[Black "Samarin, Vladimir"]
[Result "1-0"]
[WhiteElo "2216"]
[BlackElo "2062"]
[PlyCount "57"]
[EventDate "2007.08.02"]
[EventType "swiss"]
[EventRounds "14"]
[EventCountry "RUS"]
[SourceTitle "EXT 2008"]
[Source "ChessBase"]
[SourceDate "2007.11.25"]
[SourceVersion "1"]
[SourceVersionDate "2007.11.25"]
[SourceQuality "1"]

1. e4 g6 2. d4 c6 3. c4 d6 4. Nc3 Bg7 5. Be2 Nf6 6. f4 0-0 7. Nf3 Bg4 8. Be3 Nbd7 9. 0-0 Bxf3 10. Bxf3 e5 11. fxe5 dxe5 12. d5 c5 13. Bg4 b6 14. a3 Nxg4 15. Qxg4 Nf6 16. Qh4 Qd7 17. Rxf6 Qd8 18. Bg5 h6 19. Rxg6 fxg6 20. Bxd8 Raxd8 21. b4 g5 22. Qg4 Rd6 23. bxc5 bxc5 24. Rb1 Rdf6 25. h3 R8f7 26. Qc8+ Bf8 27. Na4 h5 28. Nxc5 Kh7 29. Nd7 1-0

[Event "Dubna op"]
[Site "Dubna"]
[Date "2007.08.04"]
[Round "1"]
[White "Okrugin, Sergey"]
[Black "Samarin, Vladimir"]
[Result "1-0"]
[WhiteElo "2355"]
[BlackElo "2062"]
[PlyCount "107"]
[EventDate "2007.08.02"]
[EventType "swiss"]
[EventRounds "14"]
[EventCountry "RUS"]
[SourceTitle "EXT 2008"]
[Source "ChessBase"]
[SourceDate "2007.11.25"]
[SourceVersion "1"]
[SourceVersionDate "2007.11.25"]
[SourceQuality "1"]

1. e4 g6 2. d4 c6 3. Nc3 Bg7 4. f4 d5 5. e5 h5 6. Nf3 Nh6 7. Be3 Bf5 8. Qd2 e6 9. Be2 Bf8 10. h3 h4 11. 0-0 Nd7 12. Nd1 Nb6 13. b3 Be4 14. c4 Bxf3 15. Rxf3 Nf5 16. c5 Nd7 17. Bf2 Be7 18. Ne3 Qc7 19. b4 b6 20. Nxf5 exf5 21. cxb6 Qxb6 22. Rb3 a6 23. Rc1 0-0 24. Qc2 Rfc8 25. Rc3 Bxb4 26. Rxc6 Rxc6 27. Qxc6 Qxc6 28. Rxc6 Nf8 29. Bf3 Rd8 30. Bxh4 Rd7 31. Rxa6 Bd2 32. Rd6 Be3+ 33. Kf1 Bxd4 34. Rxd7 Nxd7 35. Bxd5 Kf8 36. Bf2 Bc3 37. Ke2 Ke7 38. a4 g5 39. g3 Ba5 40. h4 gxh4 41. gxh4 Kf8 42. Bc6 Nb8 43. Bc5+ Kg7 44. Bb5 Bd8 45. Bd6 Na6 46. Bxa6 Bxh4 47. Bd3 Bd8 48. Bxf5 Kh6 49. Bb4 Bb6 50. Bf8+ Kh5 51. Kf3 Kh4 52. Bg4 f6 53. Bb4 Bg1 54. Be1+ 1-0